000 00382nam a2200157Ia 4500
008 210210b1989 xxu||||| |||| 00| 0 eng d
020 _a5 03 000527 7
082 _a530 IVAF
100 _aIVANOV (B N).
245 _aFundamentals of physics.
260 _aMoscow
_bMir Publishers
_c1989
300 _a455
650 _aPhysics fundamentals
690 _aPhysics
906 _a044990
999 _c94255
_d94255